| 000 | 00849cab a2200253 4500 | ||
|---|---|---|---|
| 001 | ABS59916 | ||
| 008 | 090401t1999 xxu||||| |||| 00| 0 eng d | ||
| 035 | _a(Sirsi) u90603 | ||
| 041 | _aeng | ||
| 245 | _aEgan: the way ahead? | ||
| 260 | _c1999 | ||
| 350 | _a0 | ||
| 490 |
_aBuilding Services Journal _v21(1) January 1999, 20-32(11) |
||
| 520 | _aExtended feature on the Egan iniative. Primarily focuses on M&E co-ordination and the strategy for building`s new deal. Also includes articles on partnering and prefabrication using practical examples. | ||
| 650 | _aBEST PRACTICE PROGRAMME | ||
| 650 | _aEGAN REFORMS | ||
| 650 | _aMECHANICAL AND ENGINEERING CO-ORDINATION | ||
| 650 | _aPARTNERING | ||
| 650 | _aPREFABRICATION | ||
| 650 | _aPROCUREMENT GUIDE | ||
| 690 |
_aBlock management _96220 |
||
| 942 | _n0 | ||
| 948 | _c08/01/1999 | ||
| 999 |
_c57457 _d57457 |
||